000 00516pab a2200181 454500
008 180718b2014 xxu||||| |||| 00| 0 eng d
100 _aBilings, Stephen B.
245 _aSchool segregation, educational attainment and crime evidence from the end of busing in Charlottee-Mecklenburg
260 _c2014
300 _ap.435-476.
362 _aFeb
650 _aSchools
700 _aRockoff, Jonah
700 _aDeming, David J.
773 _aQuarterly Journal of Economics
908 _aN
909 _a105024
999 _c105019
_d105019